विज्ञान का रोचक संसार / (Record no. 205589)
[ view plain ]
| 000 -LEADER | |
|---|---|
| fixed length control field | 01350nam a22002417a 4500 |
| 005 - DATE AND TIME OF LATEST TRANSACTION | |
| control field | 20241218160847.0 |
| 010 ## - LCCN (DPL NO) | |
| LC control number | B-760563-577 07/24,CHHN B-761475 |
| 020 ## - INTERNATIONAL STANDARD BOOK NUMBER | |
| Terms of availability | 350.00 |
| International Standard Book Number | 9788187775742 |
| 035 ## - SYSTEM CONTROL NUMBER | |
| System control number | B-760563-577 |
| 035 ## - SYSTEM CONTROL NUMBER | |
| System control number | B-761475 |
| 037 ## - SOURCE OF ACQUISITION | |
| Source of stock number/acquisition | आकाशदीप पब्लिकेशंस |
| 037 ## - SOURCE OF ACQUISITION | |
| Source of stock number/acquisition | उपहार |
| 082 ## - DEWEY DECIMAL CLASSIFICATION NUMBER | |
| Classification number | 500 |
| 100 ## - MAIN ENTRY--PERSONAL NAME | |
| Personal name | प्रकाश मनु |
| 245 ## - TITLE STATEMENT | |
| Title | विज्ञान का रोचक संसार / |
| Statement of responsibility, etc | प्रकाश मनु एवं सुनीता |
| 260 ## - PUBLICATION, DISTRIBUTION, ETC. (IMPRINT) | |
| Place of publication, distribution, etc | नई दिल्ली |
| Name of publisher, distributor, etc | आकाशदीप पब्लिकेशंस |
| Date of publication, distribution, etc | 2023 |
| 270 ## - ADDRESS | |
| Address | 1/1079 ई, महरौली, |
| City | नई दिल्ली |
| Postal code | 110030 |
| 300 ## - PHYSICAL DESCRIPTION | |
| Extent | 72पृ: |
| Dimensions | 25सेमी(सजिल्द) |
| Other physical details | सचित्र |
| 700 ## - ADDED ENTRY--PERSONAL NAME | |
| Personal name | सुनीता |
| 9 (RLIN) | 71113 |
| 942 ## - ADDED ENTRY ELEMENTS (KOHA) | |
| Source of classification or shelving scheme | Dewey Decimal Classification |
| Item type | Children Books |
| Classification part | 500 |
| Call number suffix | प्रकाश |
| Withdrawn status | Lost status | Not for loan | Collection code | Home library | Current library | Date acquired | Source of acquisition | Cost, normal purchase price | Full call number | Barcode | Copy number | Cost, replacement price | Koha item type | Public note |
|---|---|---|---|---|---|---|---|---|---|---|---|---|---|---|
| Non-fiction | Andrews Gunj | Andrews Gunj | 18/10/2024 | आकाशदीप पब्लिकेशंस/194/04.09.2024/BPPD/BAL/2023-24/233/03.09.2024/23.09.24 | 350.00 | 500 प्रकाश | B-760570 | 1 | 350.00 | Children Books | ||||
| Non-fiction | Ashok Vihar | Ashok Vihar | 18/10/2024 | आकाशदीप पब्लिकेशंस/194/04.09.2024/BPPD/BAL/2023-24/233/03.09.2024/23.09.24 | 350.00 | 500 प्रकाश | B-760564 | 1 | 350.00 | Children Books | ||||
| Non-fiction | Bawana | Bawana | 18/10/2024 | आकाशदीप पब्लिकेशंस/194/04.09.2024/BPPD/BAL/2023-24/233/03.09.2024/23.09.24 | 350.00 | 500 प्रकाश | B-760572 | 1 | 350.00 | Children Books | ||||
| Non-fiction | Central Jail Tihar | Central Jail Tihar | 18/10/2024 | आकाशदीप पब्लिकेशंस/194/04.09.2024/BPPD/BAL/2023-24/233/03.09.2024/23.09.24 | 350.00 | 500 प्रकाश | B-760566 | 1 | 350.00 | Children Books | ||||
| Non-fiction | Central Library | Central Library | 18/10/2024 | आकाशदीप पब्लिकेशंस/194/04.09.2024/BPPD/BAL/2023-24/233/03.09.2024/23.09.24 | 350.00 | 500 प्रकाश | B-760563 | 1 | 350.00 | Children Books | ||||
| Non-fiction | Central Library | Central Library | 18/12/2024 | उपहार /18/12/2024 | 350.00 | 500 प्रकाश | B-761475 | 1 | 350.00 | Children Books | उपहार | |||
| Non-fiction | Community Library Lodhi Road | Community Library Lodhi Road | 18/10/2024 | आकाशदीप पब्लिकेशंस/194/04.09.2024/BPPD/BAL/2023-24/233/03.09.2024/23.09.24 | 350.00 | 500 प्रकाश | B-760575 | 1 | 350.00 | Children Books | ||||
| Non-fiction | Janak Puri | Janak Puri | 18/10/2024 | आकाशदीप पब्लिकेशंस/194/04.09.2024/BPPD/BAL/2023-24/233/03.09.2024/23.09.24 | 350.00 | 500 प्रकाश | B-760567 | 1 | 350.00 | Children Books | ||||
| Non-fiction | Kadipur | Kadipur | 18/10/2024 | आकाशदीप पब्लिकेशंस/194/04.09.2024/BPPD/BAL/2023-24/233/03.09.2024/23.09.24 | 350.00 | 500 प्रकाश | B-760573 | 1 | 350.00 | Children Books | ||||
| Non-fiction | Patel Nagar | Patel Nagar | 18/10/2024 | आकाशदीप पब्लिकेशंस/194/04.09.2024/BPPD/BAL/2023-24/233/03.09.2024/23.09.24 | 350.00 | 500 प्रकाश | B-760565 | 1 | 350.00 | Children Books | ||||
| Non-fiction | R.K.Puram-8 | R.K.Puram-8 | 18/10/2024 | आकाशदीप पब्लिकेशंस/194/04.09.2024/BPPD/BAL/2023-24/233/03.09.2024/23.09.24 | 350.00 | 500 प्रकाश | B-760569 | 1 | 350.00 | Children Books | ||||
| Non-fiction | RC4 Kalyan Puri | RC4 Kalyan Puri | 18/10/2024 | आकाशदीप पब्लिकेशंस/194/04.09.2024/BPPD/BAL/2023-24/233/03.09.2024/23.09.24 | 350.00 | 500 प्रकाश | B-760577 | 1 | 350.00 | Children Books | ||||
| Non-fiction | RCZLS D | RCZLS D | 18/10/2024 | आकाशदीप पब्लिकेशंस/194/04.09.2024/BPPD/BAL/2023-24/233/03.09.2024/23.09.24 | 350.00 | 500 प्रकाश | B-760576 | 1 | 350.00 | Children Books | ||||
| Non-fiction | Sarojini Nagar | Sarojini Nagar | 18/10/2024 | आकाशदीप पब्लिकेशंस/194/04.09.2024/BPPD/BAL/2023-24/233/03.09.2024/23.09.24 | 350.00 | 500 प्रकाश | B-760568 | 1 | 350.00 | Children Books | ||||
| Non-fiction | Shahdara Branch | Shahdara Branch | 18/10/2024 | आकाशदीप पब्लिकेशंस/194/04.09.2024/BPPD/BAL/2023-24/233/03.09.2024/23.09.24 | 350.00 | 500 प्रकाश | B-760574 | 1 | 350.00 | Children Books | ||||
| Non-fiction | Vinoba Puri | Vinoba Puri | 18/10/2024 | आकाशदीप पब्लिकेशंस/194/04.09.2024/BPPD/BAL/2023-24/233/03.09.2024/23.09.24 | 350.00 | 500 प्रकाश | B-760571 | 1 | 350.00 | Children Books |
